[Event "Monteros U2300 op"]
[Site "Monteros"]
[Date "2019.05.26"]
[Round "5"]
[White "Yurko, Antonio Miguel"]
[Black "Stefani, Santiago"]
[Result "0-1"]
[WhiteElo "1792"]
[BlackElo "1651"]
[PlyCount "56"]
[EventDate "2019.05.25"]
[EventType "swiss"]
[EventRounds "6"]
[EventCountry "ARG"]
[SourceTitle "CBM 190 Extra"]
[Source "ChessBase"]
[SourceDate "2019.07.15"]
[SourceVersion "1"]
[SourceVersionDate "2019.07.15"]
[SourceQuality "1"]

1. Nf3 Nf6 2. d4 d6 3. c4 Nbd7 4. Bf4 c6 5. Nc3 h6 6. h3 Qc7 7. e3 e5 8. Bh2 a6 9. Be2 Be7 10. 0-0 0-0 11. Rc1 Re8 12. c5 Bf8 13. Qb3 Qd8 14. cxd6 Bxd6 15. Rfd1 Qe7 16. Bc4 b5 17. Bf1 e4 18. Bxd6 Qxd6 19. Nh4 Nb6 20. g3 Bd7 21. Qc2 Rac8 22. Kh2 Nbd5 23. a3 Qe6 24. g4 Qd6+ 25. Kg1 Bxg4 26. hxg4 Nxg4 27. Bg2 Qh2+ 28. Kf1 Ngxe3+ 0-1